| 000 | 00551nam a2200217Ia 4500 | ||
|---|---|---|---|
| 003 | 0100 | ||
| 008 | 130303s9999 xx 000 0 und d | ||
| 020 | _a2825413917 | ||
| 040 | _cARRUPELIB | ||
| 050 | _aRA643.8.H572 2003 | ||
| 245 | _aHIV/AIDS and the curriculum | ||
| 245 | _bmethods of integrating HIV/AIDS in Theological programmes | ||
| 260 | _aGeneva | ||
| 260 | _bWorld Council of Churches | ||
| 260 | _C2003 | ||
| 300 | _a173p. | ||
| 300 | _b 23 cm. | ||
| 650 | _bPsychology | ||
| 700 | _aDube, Musa W. (ed.) | ||
| 942 |
_2lcc _01 |
||
| 999 |
_c59508 _d59508 |
||